01080nam a2200241 a 450000100060000000300090000600800410001502000150005604000280007108200180009910000490011724500580016625000060022426000520023030000090028250501580029159001380044965000290058765000280061694200120064499900170065695201650067320509CO-ViMGA141112s2004 ck r 000 u spa d a8448606353 aCO-ViMGAbspacCO-ViMGA04a616.072 N634b1 aNordin, Margarita; Frankel, Victor H.92965710aBiomecánica básica del sistema musculoesqueletico a3 aMadrid : bMcGraw Hill interAméricana, c2004 a485p aBiomecánica de los tejidos y estructuras del sistema musculoesqueletico 26 - - Biomecánica de las articulaciones 180 - - Biomecánica aplicada 402  aForma de adquisición : Compra fact. 0540 - - Precio : 189000 - - Proveedor : Temas y libros - - Fecha de adquisición : Abril 200614aAPARATO LOCOMOTOR91298914aSISTEMA MUSCULAR926674 2ddccBK c29503d29503 00102ddc40708002aMEVIECARbMEVIECARd2015-12-04hVolumen. 1 | 11/jun/2009l1o616.072 N634b p20509r2017-10-02 00:00:00s2017-09-25tEj. 1w2015-12-04yBK